Evaluación, balance y formación de competencias laborales transversales: propuestas para mejorar la calidad en la formación profesional y en el mundo del trabajo
Gorde:
| Egile nagusia: | |
|---|---|
| Formatua: | Liburua |
| Hizkuntza: | gaztelania |
| Argitaratua: |
Barcelona
Laertes
2006
|
| Edizioa: | 1a. ed |
| Saila: | Laertes Educación, 118
|
| Gaiak: | |
| Etiketak: |
Etiketa erantsi
Etiketarik gabe, Izan zaitez lehena erregistro honi etiketa jartzen!
|
MARC
| LEADER | 00000nam a2200000 a 4500 | ||
|---|---|---|---|
| 001 | UCG2347 | ||
| 003 | CL-VaPUC | ||
| 008 | 100708e20060400SP |||||||||||||||||spa|d | ||
| 020 | |a 8475845762 | ||
| 082 | 0 | 4 | |a 658.3124 |b ROD |2 21 |
| 100 | 0 | |a Rodríguez Moreno, María Luisa |e author |9 550820 | |
| 245 | 1 | 0 | |a Evaluación, balance y formación de competencias laborales transversales: propuestas para mejorar la calidad en la formación profesional y en el mundo del trabajo |
| 250 | |a 1a. ed | ||
| 300 | |a 382 p | ||
| 942 | |c BK | ||
| 945 | |d 20100708 00:00:00 |a dcastane | ||
| 260 | |a Barcelona |b Laertes |c 2006 | ||
| 650 | 7 | |a COMPETENCIAS LABORALES |2 CL-VaPUC |9 525317 | |
| 650 | 0 | |a Trabajadores |9 260887 | |
| 650 | 7 | |a CAPACITACION PARA EL EMPLEO |2 CL-VaPUC |9 339343 | |
| 650 | 7 | |a ENSEÑANZA PROFESIONAL |2 CL-VaPUC |9 550821 | |
| 650 | 7 | |a METODOS DE CAPACITACION |2 CL-VaPUC |9 339159 | |
| 650 | 0 | |a Formación profesional |9 257232 | |
| 583 | |a last modification |c 20100708 00:00:00 |k Rodrigo Vera | ||
| 490 | 0 | |a Laertes Educación, 118 | |
| 999 | |c 341563 |d 341561 | ||
| 952 | |0 0 |1 0 |4 0 |6 658_312400000000000_ROD_2006 |7 0 |8 A |9 437165 |a BIBEDU |b BIBEDU |d 2019-11-22 |i 4693507 |o 658.3124 ROD 2006 |p 4693507 |r 2019-11-22 |w 2019-11-22 |y BK |k EBA | ||